Visualizzazione normale
Vista MARC
- Save the Children
di Personal Name
Records bibliografici associati: 2
001 - CONTROL NUMBER
- control field: 58740
003 - CONTROL NUMBER IDENTIFIER
- control field:
005 - DATE AND TIME OF LATEST TRANSACTION
- control field: 20210113155003.0
008 - FIXED-LENGTH DATA ELEMENTS
- fixed length control field: 210113|| aca||aabn | a|a d
040 ## - CATALOGING SOURCE
- Original cataloging agency:
- Transcribing agency:
100 ## - HEADING--PERSONAL NAME
- Personal name: Save the Children
670 ## - SOURCE DATA FOUND
- Source citation: Work cat.: (): Save the Children, Save our education, 2020